00603nam a2200205 4500003001100000005001700011008004100028020001500069040003900084041000800123082001300131245004200144250002600186260003000212650001900242700002700261942000700288952008700295999001500382LK-CoMWRAF20240103115347.0230906b1993 |||||||| |||| 00| 0 eng d a0721415636 aLK-CoMWRAFdLK-CoMWRAFeLK-CoMWRAF aeng a823bHOL aFavourite Tales :bThe little red hen aInternational edition aIndia :bLadybird, c1993 aChildren story aHolmes, Stepheneills. cBK 00104070aMAINbMAINd2023-09-06l0o823 HOLpRAF875r2023-09-06w2023-09-06yBK c3436d3436